Le plus grand ville commençant par L dans ce pays - Statistiques

Statistiques générales
  • Ce quiz a été pris 221 fois
    220 depuis la dernière actualisation
  • Le résultat moyen est 9 sur 15
Statistiques - réponses
Pays L-ville % Correct
Pérou Lima
99%
France Lyon
95%
Togo Lome
84%
Angola Luanda
84%
Gabon Libreville
76%
Nigeria Lagos
73%
Suisse Lausanne
68%
Zambie Lusaka
63%
Allemagne Leipzig
61%
Pakistan Lahore
47%
Italie Livourne
38%
Irlande Limerick
37%
Ukraine Lviv
36%
RD Congo Lubumbashi
24%
Inde Lucknow
20%
Aucun quiz correspondant
Distribution des résultats
% des personnes avec chaque résultat
Percentile par nombre de réponses
Votre historique - résultats
Vous n’avez pas pris ce quiz depuis la dernière actualisation